000 00774nmc a2200289 a 4500
003 AR-BaBNM
005 20251128211455.0
008 154020s1997 ||||||||||||||000 | spa||
020 _a950-724-608-8
040 _cAR-BaBNM
100 1 _aCox, Phil Roxbee
245 1 0 _aLos fantasmas de caleta Calabozo
260 _aBuenos Aires
_bLumen
_c1997
300 _a48 p.
490 0 _aColección Locura y terror
650 4 _aCUENTOS DE TERROR
650 4 _aCUENTOS DE AVENTURAS
650 4 _aLITERATURA INFANTIL
650 4 _aACTIVIDADES DE APRENDIZAJE
653 _aLITERATURA JUVENIL
653 _aCUENTOS DE MISTERIO
655 _aLITERATURA
700 1 _aGedye, Jane
_eilustrador
700 1 _aTracchia, Elsa
_etraductor
942 _cBK
998 _cmartin
999 _c19794
_d19794